ہر بو ند سمند ر (Record no. 98837)

MARC details
000 -LEADER
fixed length control field 00821nam a22002297a 4500
005 - DATE AND TIME OF LATEST TRANSACTION
control field 20160208120936.0
008 - FIXED-LENGTH DATA ELEMENTS--GENERAL INFORMATION
fixed length control field 090109t xxu||||| |||| 00| 0urd d
010 ## - LCCN (DPL NO)
LC control number UR-9298
020 ## - INTERNATIONAL STANDARD BOOK NUMBER
Terms of availability 100.00
International Standard Book Number 9789350735107
035 ## - SYSTEM CONTROL NUMBER
System control number U-7853
037 ## - SOURCE OF ACQUISITION
Source of stock number/acquisition DBAD/PUB
040 ## - CATALOGING SOURCE
Original cataloging agency DPL
Language of cataloging urdu
082 ## - DEWEY DECIMAL CLASSIFICATION NUMBER
Classification number ک
100 ## - MAIN ENTRY--PERSONAL NAME
Personal name محمد ا بر ا ر ا لحسن
245 ## - TITLE STATEMENT
Title ہر بو ند سمند ر
Statement of responsibility, etc محمد ا بر ا ر ا لحسن
246 ## - VARYING FORM OF TITLE
Title proper/short title Har Boond Samander
Remainder of title By Mohd. Abrar Ul Hassan
260 ## - PUBLICATION, DISTRIBUTION, ETC. (IMPRINT)
Place of publication, distribution, etc د ھلی
Name of publisher, distributor, etc ا يجو کيشنل پبليشنگ ہا ؤ س
Date of publication, distribution, etc 2015 ء
270 ## - ADDRESS
Address 3191،Street Vakil Kucha Pandit Lal Kuan,
City Delhi
Postal code 110006
Telephone number 23216162
300 ## - PHYSICAL DESCRIPTION
Extent 80ص
Dimensions 22 cm(hb)
700 ## - ADDED ENTRY--PERSONAL NAME
9 (RLIN) 54088
Personal name تر تیب و تہز یب : محمد فہیم ا ختر ند و ی
942 ## - ADDED ENTRY ELEMENTS (KOHA)
Source of classification or shelving scheme Dewey Decimal Classification
Item type Urdu Bks
Classification part ک
Call number suffix م ح م
Holdings
Withdrawn status Lost status Source of classification or shelving scheme Damaged status Not for loan Home library Current library Date acquired Source of acquisition Cost, normal purchase price Total Checkouts Full call number Barcode Date last seen Copy number Cost, replacement price Koha item type
    Dewey Decimal Classification   Not For Loan D.B.Act.Division D.B.Act.Division 08/02/2016 DBAD 100.00   ک م ح م U-7853 08/02/2016 1 100.00 Urdu Bks

© Delhi Public Library
Hit Counter
free hit counter